Najmniejsze miejscowości z klubami z danej ligi - Statystyki

Ogólne statystyki
  • Ten quiz został rozwiązany 13 razy
  • Średni wynik to 2 z 9
Statystyki odpowiedzi
Liga Miejscowość Liczba mieszkańców % Poprawnych
Ekstraklasa 🇵🇱 Nieciecza 0,6
100%
I liga 🇵🇱 Niepołomice 17,2
54%
II liga 🇵🇱 Kleczew 4,0
31%
Serie A 🇮🇹 Sassuolo 37,2
23%
Premier League 🏴󠁧󠁢󠁥󠁮󠁧󠁿 Burnley 73,0
15%
Liga mistrzów Pafos 37,3
8%
Bundesliga 🇩🇪 Sinsheim 35,4
8%
La liga 🇪🇸 Vila-real 50,6
8%
Ligue 1 🇫🇷 Harfleur 8,1
0%
Nie znaleziono quizów pasujących do podanych kryteriów
Rozkład punktacji
Procent ludzi z każdym wynikiem
Percentyl według liczby udzielonych odpowiedzi
Twoja historia wyników
Nie rozwiązałeś tego quizu